000
00318nam a2200121Ia 4500
008
221007s9999 xx 000 0 und d
041
_a
eng
082
_b
BBC
100
_a
BBC Worldwide Ltd.
_9
96457
245
_a
Days That Shook The World : Disc - 6
260
_c
2010
_b
Saregama India Ltd.
_a
Kolkata
906
_b
General
999
_c
60835
_d
60835